Eurovision 2022 Quiz - Statistics

General Stats
  • This quiz has been taken 36 times
  • The average score is 49 of 80
Answer Stats
Country Title % Correct
Stefan
86%
Austria Halo
83%
Albania fgbr Sekret
83%
Armenia Snap
83%
Ukraine Stefania
83%
Australia Not The Same
79%
Switzerland Boys Do Cry
76%
Italy Brividi
76%
Spain SloMo
76%
United Kingdom SPACE MAN
76%
Cyprus Ela
72%
Norway Give That Wolf A Banana
72%
Croatia Guilty Pleasure
72%
Estonia Hope
72%
Israel I.M
72%
Finland Jezebel
72%
Belgium Miss You
72%
Germany Rockstars
72%
Greece Die Together
69%
Slovenia Disko
69%
Latvia Eat Your Salad
69%
Azerbaijan Fade To Black
69%
Sweden Hold Me Closer
69%
Georgia Lock Me In
69%
Rosa Linn
69%
S10
69%
Ireland That's Rich
69%
Chanel
66%
North Macedonia Circles
66%
Circus Mircus
66%
Netherlands De Diepte
66%
Malta I Am What I Am
66%
Serbia In Corpore Sano
66%
Kalush Orchestra
66%
Poland River
66%
Ronela Hajati
66%
San Marino Stripper
66%
Denmark The Show
66%
Brooke
62%
Bulgaria Intention
62%
Czech Republic Lights Off
62%
Romania Llámame
62%
LPS
62%
Mahmood & BLANCO
62%
Portugal Saudade, Saudade
62%
Lithuania Sentimentai
62%
Sheldon Riley
62%
Subwoolfer
62%
We Are Domi
62%
Andromache
59%
Montenegro Breathe
59%
MARO
59%
REDDI
59%
Sam Ryder
59%
The Rasmus
59%
Andrea
55%
Citi Zēni
55%
Cornelia Jakobs
55%
France Fulenn
55%
Intelligent Music Project
55%
Konstrakta
55%
Malik Harris
55%
Ochman
55%
Systur
55%
Vladana
55%
Alvan & Ahez
52%
Marius Bear
52%
Monika Liu
52%
Nadir Rustamli
52%
Achille Lauro
48%
Jérémie Makiese
48%
Mia Dimšić
48%
Michael Ben David
48%
Moldova Trenulețul
48%
WRS
48%
Emma Muscat
45%
Amanda Georgiadi Tenfjord
34%
LUM!X feat. Pia Maria
24%
Zdob şi Zdub & Advahov Brothers
21%
Iceland Með Hækkandi Sól
3%
No matching quizzes found
Score Distribution
Percent of People with Each Score
Percentile by Number Answered
Your Score History
You have not taken this quiz